[Event "CRO-chT4 South"]
[Site "Zadar"]
[Date "2013.10.20"]
[Round "6.6"]
[White "Simunic, Krunoslav"]
[Black "Govic, Roko"]
[Result "1-0"]
[WhiteElo "1734"]
[BlackElo "1600"]
[PlyCount "115"]
[EventDate "2013.04.28"]
[EventType "team-tourn"]
[EventRounds "7"]
[EventCountry "CRO"]
[SourceTitle "EXT 2014"]
[Source "ChessBase"]
[SourceDate "2013.11.20"]
[SourceVersion "1"]
[SourceVersionDate "2013.11.20"]
[SourceQuality "1"]
[WhiteTeam "Mravince III"]
[BlackTeam "Brodarica"]
[WhiteTeamCountry "CRO"]
[BlackTeamCountry "CRO"]

1. d4 d5 2. c4 e6 3. Nc3 Nf6 4. Bg5 Be7 5. Nf3 Nc6 6. e3 a6 7. a4 0-0 8. Bd3 Nb4 9. Be2 Nc6 10. 0-0 b6 11. b3 Nh5 12. Bxe7 Nxe7 13. Ne5 Nf6 14. Qc2 Bb7 15. Bf3 Nf5 16. b4 Nh4 17. c5 Nxf3+ 18. Nxf3 Rb8 19. Rab1 Nd7 20. Ne2 bxc5 21. bxc5 Bc6 22. Rxb8 Qxb8 23. a5 Bb5 24. Rb1 c6 25. Nc3 Qa7 26. Nxb5 axb5 27. Ra1 Ra8 28. Ne1 Qb8 29. Nd3 Qb7 30. Nb4 Nb8 31. Qa2 Qa7 32. a6 g6 33. Qa5 Kg7 34. Qd8 Nxa6 35. Qa5 Qc7 36. Nxa6 Qxa5 37. Rxa5 b4 38. g3 b3 39. Ra1 b2 40. Rb1 Rxa6 41. Rxb2 Kf6 42. Rb6 Ra1+ 43. Kg2 Ke7 44. Rxc6 Ra7 45. Kf3 Kd7 46. Rb6 Kc7 47. Kf4 h5 48. f3 Kd8 49. c6 f6 50. c7+ Rxc7 51. Rxe6 g5+ 52. Kf5 Re7 53. Rxe7 Kxe7 54. e4 g4 55. fxg4 hxg4 56. exd5 Kd6 57. Kxf6 Kxd5 58. Kf5 1-0